ERP demystified (Record no. 172284)

000 -LEADER
fixed length control field 00344nam a2200133Ia 4500
008 - FIXED-LENGTH DATA ELEMENTS--GENERAL INFORMATION
fixed length control field 220217s9999||||xx |||||||||||||| ||und||
020 ## - INTERNATIONAL STANDARD BOOK NUMBER
International Standard Book Number 0-07-4637-13-4
082 ## - DEWEY DECIMAL CLASSIFICATION NUMBER
Classification number 004.7 LEO
100 ## - MAIN ENTRY--PERSONAL NAME
Personal name Leon, Alexis
9 (RLIN) 3618
245 #0 - TITLE STATEMENT
Title ERP demystified
260 ## - PUBLICATION, DISTRIBUTION, ETC.
Place of publication, distribution, etc. Tata mcgraw hill
Name of publisher, distributor, etc. New Delhi
Date of publication, distribution, etc. 2000
300 ## - PHYSICAL DESCRIPTION
Other physical details 450
650 ## - SUBJECT ADDED ENTRY--TOPICAL TERM
Topical term or geographic name entry element COMPUTER NETWORK
Holdings
Withdrawn status Lost status Damaged status Not for loan Collection code Home library Current library Shelving location Date acquired Full call number Barcode Date last seen Price effective from Koha item type
        Computer Science and Engineering Central Library Central Library Reference 02/18/2022 004.7 LEO 7473 02/18/2022 02/18/2022 Books

Powered by Koha